100th Quiz Special - Statistics

General Stats
  • This quiz has been taken 40 times
  • The average score is 41 of 100
Answer Stats
Picture Answer % Correct
Spider-Man
100%
Scooby-Doo
95%
Snoopy
95%
Beetlejuice
90%
Freddy Krueger
90%
Joker
90%
Captain America
86%
Elvis Presley
86%
Hannibal Lecter
86%
Indiana Jones
86%
Ace Ventura
81%
Chucky
81%
James Bond
81%
Jim Carrey
81%
Marty McFly
81%
Norman Bates
81%
Spock
81%
Vito Corleone
81%
Derek Zoolander
76%
Peter Venkman
76%
The Mask
76%
Doc Brown
71%
Dr. Evil
71%
HAL 9000
67%
Rasputin
67%
Sherlock Holmes
67%
Sideshow Bob
67%
Voldemort
67%
James Kirk
62%
Lee Harvey Oswald
62%
Shaggy
62%
Gollum
57%
Maximus
57%
The Riddler
57%
The Terminator
57%
Thomas Jefferson
57%
Tyler Durden
57%
Jack Skellington
52%
Ulysses S. Grant
52%
Woodrow Wilson
52%
Charles Kane
48%
Hans Gruber
48%
Jack Torrance
48%
Bilbo Baggins
43%
General Grievous
43%
John McClane
43%
Audrey II
38%
Ethan Hunt
38%
Fletch
38%
Sauron
38%
Auric Goldfinger
33%
Jason Voorhees
33%
Martin Van Buren
33%
Andy Dufresne
29%
Hercule Poirot
29%
James K. Polk
29%
K2-SO
29%
Mysterio
29%
Nearly Headless Nick
29%
Verbal Kint
29%
Warren G. Harding
29%
Jack Dawson
24%
R.P McMurphy
24%
The Spot
24%
Azog
19%
Bill Preston
19%
Jim Moriarty
19%
Mr. Boddy
19%
Benoit Blanc
14%
Joey Ramone
14%
Richard Kimble
14%
Ted Logan
14%
Ted Striker
14%
Wadsworth
14%
Arnold Ernst Toht
10%
Billy the Kid
10%
Col. Mustard
10%
Freddy Fazbear
10%
Gorn
10%
Lt. Einhorn/Ray Finkle
10%
Monokuma
10%
Scarecrow
10%
Alex Browning
5%
Chameleon
5%
Chop Top Sawyer
5%
Ghost of Captain Cutler
5%
James Earl Ray
5%
Mike Schmidt
5%
Nada
5%
R.J MacReady
5%
Video Man
5%
Werner Werman
5%
Chamberlain
0%
Charles Van Doren
0%
Leonard Shelby
0%
Mikael Lindnord
0%
Roman Strauss
0%
Satipo
0%
Sin-Eater
0%
The Treasurer
0%
No matching quizzes found
Score Distribution
Percent of People with Each Score
Percentile by Number Answered
Your Score History
You have not taken this quiz